000 00651naa a2200217 i 4500
001 12749
003 ES-MaBCM
005 20241016091711.0
008 910117s1991 fra 000 0 fre d
021 _axx
035 _a(OCoLC)1365252325
040 _cES-MaBCM
041 0 _afre
043 _afra
245 0 2 _aL'organisation du système bancaire français
520 _aResumen del informe anual 1989, publicado en agosto 1990, del Comité de Establecimientos de Crédito
650 2 7 _aBanca
_957691
651 4 _aFrancia
_9115364
773 0 _aEn:
_tProblèmes économiques
_dParis : 1991
_w104496
_gnº 2206, enero ; p. 1-8
942 _cAREV
999 _c12749
_d12749